000 00782nam a2200217Ia 4500
003 GCL
008 140319s9999 xx 000 0 ara d
040 _aGCL /
_cGCL
082 0 4 _a956.04
_bا ق
100 1 _aادوارد سعيد
245 1 0 _aالقضية الفلسطينية والمجتمع الاميركى /
_cادوارد سعيد
260 _a[S.N] :
_bمؤسسة الدراسات الفلسطينية ،
_c1986
300 _a32 ص
490 _aاوراق مؤسسة الدراسات الفلسطسينية
_v0
650 0 4 _aالنزاع العربى الاسرائيلى
650 0 4 _aفلسطين
650 0 4 _aالولايات المتحدة الامريكية
650 0 4 _aاسرائيل
650 0 4 _aالقضية الفلسطينية
942 _2ddc
_cBK
999 _c40370
_d40370